| 000 | 00000nam##2200000za#4500 |
| 001 | 9.575797 |
| 003 | CaOODSP |
| 005 | 20210624184832 |
| 007 | cr ||||||||||| |
| 008 | 150406|2006||||xxc|||||o f|0| 0 eng|d |
| 040 | |aCaOODSP|beng |
| 043 | |an-cn--- |
| 086 | 1 |aTU3-6/06-13E-PDF |
| 110 | 2 |aTransportation Safety Board of Canada. |
| 245 | 10|aRisk of collision between Goderich-Exeter Railway Company Train 518 and VIA Rail Canada Inc. Train 87 Mile 72, Guelph Subdivision New Hamburg, Ontario, 06 June 2006 |h[electronic resource] |
| 260 | |aOttawa - Ontario : |bTransportation Safety Board of Canada |c[2006]. |
| 300 | |a30p.|breferences |
| 490 | 1 |aRailway investigation report |vR06H0013 |
| 590 | |a13-08-Supp|b2013-04-02 |
| 775 | 08|tRisque de collision entre le train no 518 de la Goderich-Exeter Railway Company et le train no 87 de VIA Rail Canada Inc. Point milliaire 72 de la subdivision Guelph, New Hamburg (Ontario), le 6 juin 2006 |w(CaOODSP)9.605219 |
| 830 | #0|aRailway investigation report ;|vR06H0013|w(CaOODSP)9.504849 |
| 856 | 40|ahttp://publications.gc.ca|qPDF|s469 KB|uhttps://publications.gc.ca/collections/collection_2013/bst-tsb/TU3-6-06-13-eng.pdf|yR06H0013 |